Malá encyklopédia public relation. 15 Práca tlačového tajomníka

Vzťah inštitúcie a médií. Funkcie tlačového a informačného odboru. Rutinné činnosti tlačového tajomníka, praktické rady. Pravidlá komunikácie. Tlačové konferencie. Úniky informácií. Informačný systém. Tok informácií.

Na minha lista:
Detalhes bibliográficos
Autor principal: Žáry, Ivan
Formato: Capítulo de Livro
Idioma:eslovaco
Assuntos:
Tags: Adicionar Tag
Sem tags, seja o primeiro a adicionar uma tag!

MARC

LEADER 00000naa a2200000 4500
001 r015750
005 20221213114539.9
041 0 |a slo 
044 |a SK 
245 1 0 |a Malá encyklopédia public relation. 15  |b Práca tlačového tajomníka  |c Ivan Žáry 
520 |a Vzťah inštitúcie a médií. Funkcie tlačového a informačného odboru. Rutinné činnosti tlačového tajomníka, praktické rady. Pravidlá komunikácie. Tlačové konferencie. Úniky informácií. Informačný systém. Tok informácií. 
610 2 0 |a práca s verejnosťou 
610 2 0 |a strediská informačné 
610 2 0 |a komunikácia 
610 2 0 |a tlač 
610 2 0 |a televízia 
610 2 0 |a rozhlas 
610 2 0 |a konferencie 
610 2 0 |a systémy informačné 
610 2 0 |a tok informácií 
100 1 |a Žáry, Ivan